书目信息 |
| 题名: |
中小型图书馆数字化建设应用读本
|
|
| 作者: | 李青 , 张丽红 主编 | |
| 分册: | ||
| 出版信息: | 北京 北京图书馆出版社 2007.07 |
|
| 页数: | 266页 | |
| 开本: | 21cm | |
| 丛书名: | ||
| 单 册: | ||
| 中图分类: | G250.76 | |
| 科图分类: | ||
| 主题词: | 数字图书馆--shu zi tu shu guan | |
| 电子资源: | ||
| ISBN: | 978-7-5013-3436-0 | |
| 000 | 00917nam0 2200253 450 | |
| 001 | 012010838328 | |
| 005 | 20100106160447.10 | |
| 010 | @a978-7-5013-3436-0@dCNY22.00 | |
| 100 | @a20100106d2007 em y0chiy0120 ea | |
| 101 | 0 | @achi |
| 102 | @aCN@b110000 | |
| 105 | @ay a 000yy | |
| 106 | @ar | |
| 200 | 1 | @a中小型图书馆数字化建设应用读本@Azhong xiao xing tu shu guan shu zi hua jian she ying yong du ben@f李青, 张丽红主编@Fli qing,zhang li hong zhu bian |
| 210 | @a北京@c北京图书馆出版社@d2007.07 | |
| 215 | @a266页@d21cm | |
| 320 | @a有书目 (第266页) | |
| 330 | @a本书内容包括:图书馆数字化建设概述、数字信息资源建设、数字图书馆信息组织、网上信息资源利用、图书馆数字化设计方案与实例等。 | |
| 606 | 0 | @a数字图书馆@Ashu zi tu shu guan |
| 690 | @aG250.76@v4 | |
| 701 | 0 | @a李青@Ali qing@4主编 |
| 701 | 0 | @a张丽红@Azhang li hong@4主编 |
| 801 | 0 | @aCN@bQSSK@c20100106 |
| 905 | @b771610-12@dG250.76@eL232@f3 | |
| 中小型图书馆数字化建设应用读本/李青, 张丽红主编.-北京:北京图书馆出版社,2007.07 |
| 266页;21cm |
| ISBN 978-7-5013-3436-0:CNY22.00 |
| 本书内容包括:图书馆数字化建设概述、数字信息资源建设、数字图书馆信息组织、网上信息资源利用、图书馆数字化设计方案与实例等。 |
| ● |
| 相关链接 |
|
|
|
正题名:中小型图书馆数字化建设应用读本
索取号:G250.76/L232
 
预约/预借
| 序号 | 登录号 | 条形码 | 馆藏地/架位号 | 状态 | 备注 |
| 1 | 771610 | 207716104 | 社科库409/409社科库 59排1列5层/ [索取号:G250.76/L232] | 在馆 | |
| 2 | 771611 | 207716113 | 社科库409/409社科库 59排1列5层/ [索取号:G250.76/L232] | 在馆 | |
| 3 | 771612 | 207716122 | 社科库409/409社科库 59排1列5层/ [索取号:G250.76/L232] | 在馆 |